LEADER 02255njm a2200481 a 4500
001 000230037
003 CZ BrMZK
005 20021001084628.0
008 010907s1997 xr f cze d
028 0 1 |a 0064-2 131  |b Český rozhlas 
040 |a BOA001  |b cze 
080 |a 78"19"(086.7)  |2 MRF 
245 0 0 |a Koncertantní skladby.  |n [1]  |h [zvukový záznam] 
246 3 3 |a Erasmus :  |b meditace pro housle a orchestr 
246 3 3 |a Koncert pro violoncello a orchestr 
246 3 |a Koncert pro violu a orchestr 
246 3 3 |a Concerto compositions by Czech authors 
260 |a Praha :  |b Český rozhlas,  |c p1997 
300 |a 1 CD :  |b ADD ;  |c 12 cm +  |e 1 brožura [8 s.]. 
306 |a 010235 
490 1 |a Česká soudobá hudba 
500 |a Názvy skladeb a text v brožuře též angl. 
500 |a Nahr. neuv 
500 |a Durata [62:35] 
505 0 |a Jiří Kalach: Erasmus; Jaromír Dadák: Koncert pro violu a malý orchestr; Jindřich Feld: Koncert pro violoncello a orchestr. 
511 0 |a Jiří Hynk, housle; Lubomír Malý, viola; Michal Kaňka, violencello. Symfonický orchestr Českého rozhlasu, dir. František Vajnar, dir. Vladimír Válek; Moravská filharmonie Olomouc, dir. Miloš Konvalinka 
653 0 |a houslové charakteristické skladby  |a violoncellové koncerty  |a violové koncerty 
700 1 |a Vajnar, František,  |d 1930-2012  |7 jn19990209955  |4 cnd 
700 1 |a Válek, Vladimír,  |d 1935-2025  |7 jn19981002376  |4 cnd 
700 1 |a Dadák, Jaromír,  |d 1930-2019  |7 ola200200013  |4 cmp 
700 1 |a Feld, Jindřich,  |d 1925-2007  |7 jn19990209179  |4 cmp 
700 1 |a Kalach, Jiří,  |d 1934-2008  |7 jn20000728274  |4 cmp 
700 1 |a Hynk, Jiří,  |d 1939-  |7 jn19990209282  |4 prf 
700 1 |a Kaňka, Michal,  |d 1960-  |7 jn19990009879  |4 prf 
700 1 |a Konvalinka, Miloš,  |d 1919-2000  |7 jn20000710266  |4 cnd 
700 1 |a Malý, Lubomír,  |d 1938-2022  |7 jn19990209512  |4 prf 
710 2 |a Moravská filharmonie Olomouc  |7 ko2002149900 
710 2 |a Symfonický orchestr Českého rozhlasu  |7 kn20030215002  |4 prf 
830 0 |a Česká soudobá hudba 
910 |a BOA001  |b CD-0004.824,1 
964 |a Hudba  |z stol.20.,pol.2.  |x CD 
990 |a AV 
996 6 |b 261H004967  |c CD-0004.824,1  |l MZK  |r Sklad / do 24 hodin  |n 0  |p p.v.  |w 000230037  |u 000010  |a 1  |e BOA001  |j MZK50  |s P